000 02317nam a2200217 a 4500
001 000032088
005 20260312134858.0
008 110119s1888 dr 000 0 spa d
040 _aDO-SdBNP
_bspa
_cBNPHU
082 _a177
_bH831m,1888
100 1 _aHostos, Eugenio María de,
_d1839-1903
_91352
245 1 0 _aMoral social /
_cEugenio María de Hostos.
260 _aSanto Domingo :
_bLa Sociedad de Enseñanza de Santo Domingo,
_c1888.
300 _a262 p. ;
_c18 cm.
500 _aTítulo tomado de la cubierta
504 _aIncluye referencias bibliográficas y notas al pie de las páginas.
505 0 _tRelaciones y deberes --
_tLa sociedad y sus órganos --
_tObjetivo de la moral social. ¿En qué se funda? --
_tExposición de las relaciones --
_tClasificación de relaciones --
_tAnálisis de las relaciones del hombre con la sociedad; relación de necesidad --
_tSegunda relación --
_tRelación de gratitud --
_tTercera relación --
_tRelación de utilidad --
_tCuarta relación --
_tRelación de derecho --
_tQuinta relación --
_tRelación del deber --
_tDel deber y su función en la economía moral del mundo --
_tEn qué se fundan los deberes sociales --
_tDeberes derivados de nuestras relaciones con la sociedad --
_tEl deber del trabajo --
_tSus modificaciones en los diversos grupos sociales --
_tDeber de obediencia y sus modificaciones --
_tPor qué no se dá su nombre a los deberes derivados de la relación de utilidad --
_tCooperación --
_tUnión --
_tAbnegación --
_tConciliación --
_tDeberes deducidos de la relación de derecho --
_tEl derecho armado --
_tDeberes que imponen --
_tEl deber de los deberes --
_tLos conflictos del deber --
_tLa regla de los conflictos --
_tDeberes complementarios --
_tDeberes complemetarios --
_tLa moral y las actividades de la vida --
_tEnlace de la moral con la política --
_tLa moral social y los profesionales --
_tLa moral y la escuela --
_tLa moral y la iglesia católica --
_tLa moral y el protestantismo --
_tLa moral y las religiones filosóficas --
_tLa moral y la ciencia --
_tLa moral y el arte --
_tLa moral y la literatura --
_tLa dramática --
_tLa moral y la historia --
_tLa moral y el periodismo --
_tLa moral y la industria --
_tLa moral y el tiempo.
590 _aInventariado, 2019/VM
650 0 _aÉtica social
_91353
910 _aValidado. Control de calidad BNPHU
999 _c31579
_d31579